000 00197 a2200097 4500
001 11098
100 _aHiro, D.
245 _aInside India
260 _a
_bRoutledge & Kegm
_c
090 _c8655
_d8655
942 _aNUST-CAE
_cM
_c35439
999 _c246171
_d246171